| 000 | 00341nam a2200145Ia 4500 | ||
|---|---|---|---|
| 008 | 230312s9999||||xx |||||||||||||| ||und|| | ||
| 020 | _a9781118181126 | ||
| 082 |
_a004.6 _bATK-V |
||
| 100 | _aVermaat | ||
| 245 | 0 | _aDiscovering Computers | |
| 260 |
_bWiley _aCanada _c2012 |
||
| 300 | _a753 | ||
| 650 |
_aComputer _vNetworking |
||
| 942 | _cBK | ||
| 999 |
_c16904 _d16904 |
||